000 01501nam0a22003011 4500
001 rc\4682678
005 20250612152232.0
021 _aRU
_b[60-60849]
035 _a(NLR Aleph) 008708847
090 _a9345324
_c9345324
100 _a20130416d1960 |||y0rusy50 ca
101 0 _arus
102 _aRU
105 _ay z |||||
200 1 _aЗа культуру строительного производства
_e(Опыт треста № 19 Главленинградстроя)
_fО-во по распространению полит. и науч. знаний РСФСР. Ленингр. дом науч.-техн. пропаганды
210 _aЛенинград
_cБ. и.
_d1960
215 _a21 с.
_d22
225 1 _a[Обмен передовым опытом
_v19]
_iСерия "Строительная промышленность"
_vВып. 19
300 _aПеред загл. авт.: инж. Б.Д. Попов
606 _aСтроительные организации
_xКультура производства
_2psbo
606 _aСтроительная промышленность
_xСоциалистическое соревнование
_yЛенинград
_2psbo
700 1 _aПопов
_bБ. Д.
_cканд. техн. наук, строительство
_gБорис Дмитриевич
_9233270
_3RU\NLR\AUTH\770233326
801 0 _aRU
_bNLR
_gpsbo
801 1 _aRU
_bELAR
_2rusmarc
852 _aNLR
_j60-6/7286
942 _cBOOK
980 _aNB